00240pam a2200097 a 4500020000500000041000800005100002200013245006600035260003100101300001000132 c aeng aOliver Egbert .S. aAn Anthology American Literature 1890-1965hTextual Documents a[s.l]:bEurasia Publishing a595p.